Topics in geometry /
Guardado en:
| Autor Principal: | |
|---|---|
| Formato: | Libro |
| Idioma: | English |
| Publicado: |
San Diego :
Academic Press,
c1994.
|
| Materias: | |
| Etiquetas: |
Agregar Etiqueta
Sin Etiquetas, Sea el primero en etiquetar este registro!
|
| LEADER | 00960pam a2200229 a 4500 | ||
|---|---|---|---|
| 001 | MAT.inmabb003490 | ||
| 008 | 930316s1994####caua#####b####001#0#eng## | ||
| 005 | 20130311115339.0 | ||
| 245 | 1 | 0 | |a Topics in geometry / |c Robert Bix. |
| 260 | |a San Diego : |b Academic Press, |c c1994. | ||
| 300 | |a x, 538 p. : |b il. ; |c 24 cm. | ||
| 521 | |a "A text for a junior-level College Geometry course designed for prospective secondary school teachers and other mathematics majors. The only prerequisite is first-year calculus." | ||
| 504 | |a Incluye referencias bibliográficas (p. x) e índice. | ||
| 505 | 0 | |a 1. Division ratios and triangles -- 2. Transformation geometry -- 3. Projective geometry -- 4. Conic sections -- 5. Axiomatic geometry. | |
| 510 | 4 | |a MR, |c 94m:51001 | |
| 020 | |a 0121027406 | ||
| 100 | 1 | |a Bix, Robert, |d 1953- | |
| 650 | 0 | |a Geometry. | |
| 084 | |a 51-01 |2 msc2000 | ||
| 010 | |a 93001091 | ||
| 040 | |a DLC |c DLC |d DLC | ||
| 859 | |h 51 |i B624 |p A-7435 |b BIB. MATEMATICA | ||
